[Event "SWE-chT 1617"]
[Site "Sweden"]
[Date "2017.03.24"]
[Round "7.1"]
[White "Agrest, Evgenij"]
[Black "Moberg, Karl Johan"]
[Result "1-0"]
[WhiteElo "2592"]
[BlackElo "2285"]
[PlyCount "59"]
[EventDate "2016.10.14"]
[EventType "team-tourn"]
[EventRounds "9"]
[EventCountry "SWE"]
[SourceTitle "CBM 177 Extra"]
[Source "ChessBase"]
[SourceDate "2017.04.27"]
[SourceVersion "1"]
[SourceVersionDate "2017.04.27"]
[SourceQuality "1"]
[WhiteTeam "Viking Team"]
[BlackTeam "Manhem"]
[WhiteTeamCountry "SWE"]
[BlackTeamCountry "SWE"]

1. d4 Nf6 2. Bf4 g6 3. e3 Bg7 4. Nf3 0-0 5. Be2 d6 6. h3 Nbd7 7. 0-0 Qe8 8. Bh2 e5 9. c4 Ne4 10. Qc2 f5 11. Na3 a6 12. Rad1 b6 13. dxe5 dxe5 14. c5 b5 15. c6 Nb6 16. Nb1 Qe7 17. b3 g5 18. a4 bxa4 19. bxa4 a5 20. Ne1 Nd6 21. Nd3 f4 22. Nc5 Bf5 23. Qb3+ Qf7 24. Qxf7+ Rxf7 25. Nc3 Bf8 26. e4 Bg6 27. Bg4 Ndc4 28. Nd7 Bb4 29. Nd5 Nxd5 30. exd5 1-0

[Event "SWE-chT 1617"]
[Site "Sweden"]
[Date "2017.03.04"]
[Round "6.1"]
[White "Moberg, Karl Johan"]
[Black "Johansson, Thomas"]
[Result "1/2-1/2"]
[WhiteElo "2285"]
[BlackElo "2156"]
[PlyCount "96"]
[EventDate "2016.10.14"]
[EventType "team-tourn"]
[EventRounds "9"]
[EventCountry "SWE"]
[SourceTitle "CBM 177 Extra"]
[Source "ChessBase"]
[SourceDate "2017.04.27"]
[SourceVersion "1"]
[SourceVersionDate "2017.04.27"]
[SourceQuality "1"]
[WhiteTeam "Manhem"]
[BlackTeam "Malmo"]
[WhiteTeamCountry "SWE"]
[BlackTeamCountry "SWE"]

1. d4 d6 2. c4 Nf6 3. Nc3 Nbd7 4. e4 e5 5. Nf3 c6 6. Be2 Be7 7. 0-0 0-0 8. Qc2 Re8 9. d5 a5 10. Be3 c5 11. Nd2 Nf8 12. a3 Ng6 13. b4 b6 14. bxc5 bxc5 15. f3 Nh5 16. g3 Bg5 17. Bf2 Bh6 18. f4 Nhxf4 19. gxf4 Nxf4 20. Bg3 Qg5 21. Nf3 Qh5 22. Nh4 Nxe2+ 23. Qxe2 Bg4 24. Qf2 Rf8 25. Nf5 Bg5 26. Nxd6 Ra6 27. Nf5 g6 28. Ne3 Bh3 29. Qf3 Bxf1 30. Rxf1 Qh3 31. Ng2 Rf6 32. Qxf6 Bxf6 33. Rxf6 Qh6 34. d6 Qc1+ 35. Be1 Rd8 36. Nd5 Kg7 37. h3 Qxc4 38. Bxa5 Qd4+ 39. Kh2 Rd7 40. Bc7 Qxe4 41. Nb6 Qc6 42. Nxd7 Qxd7 43. Rf2 f5 44. Ne3 Qa4 45. Nc4 Qxc4 46. d7 Qd4 47. d8Q Qxf2+ 48. Kh1 Qf1+ 1/2-1/2

[Event "SWE-chT 1516"]
[Site "Sweden"]
[Date "2016.02.28"]
[Round "5.1"]
[White "Moberg, Karl Johan"]
[Black "Schneider, Stefan"]
[Result "1/2-1/2"]
[WhiteElo "2295"]
[BlackElo "2368"]
[PlyCount "127"]
[EventDate "2015.11.06"]
[EventType "team-tourn"]
[EventRounds "9"]
[EventCountry "SWE"]
[SourceTitle "EXT 2017"]
[Source "ChessBase"]
[SourceDate "2016.10.25"]
[SourceVersion "1"]
[SourceVersionDate "2016.10.25"]
[SourceQuality "1"]
[WhiteTeam "Manhem"]
[BlackTeam "Limhamn"]
[WhiteTeamCountry "SWE"]
[BlackTeamCountry "SWE"]

1. d4 Nf6 2. c4 e6 3. Nc3 Bb4 4. e3 0-0 5. Nge2 Re8 6. a3 Bf8 7. d5 exd5 8. cxd5 c5 9. Ng3 d6 10. Be2 Nbd7 11. 0-0 g6 12. e4 Bg7 13. f3 a6 14. a4 h5 15. Nh1 Nh7 16. Nf2 Bd4 17. Kh1 Ne5 18. f4 Nd7 19. Bf3 Rb8 20. Qd3 Bg7 21. Bd2 Ndf6 22. e5 Bf5 23. Qc4 Ng4 24. Nxg4 hxg4 25. Be4 b5 26. axb5 axb5 27. Qd3 b4 28. Na4 Bxe4 29. Qxe4 Nf6 30. Qc4 dxe5 31. fxe5 Qxd5 32. Qxc5 Rbc8 33. Qxb4 Qxe5 34. Bc3 Qg5 35. Qf4 Qxf4 36. Rxf4 Ne4 37. Bxg7 Kxg7 38. Nc3 Nxc3 39. bxc3 f5 40. c4 Re4 41. Rxe4 fxe4 42. Rc1 Kf6 43. Kg1 Ke5 44. Kf2 Kd4 45. Rd1+ Kc5 46. Ke3 Rh8 47. Kxe4 Rxh2 48. Rd2 g3 49. Kf3 Rh4 50. Rd5+ Kc6 51. Rg5 Rxc4 52. Kxg3 Kd7 53. Rxg6 Ke7 54. Rg4 Rc3+ 55. Kh4 Kf7 56. Kh5 Rc6 57. Rg5 Rd6 58. g4 Rb6 59. Rc5 Kg7 60. Rc7+ Kg8 61. g5 Ra6 62. g6 Ra1 63. Kh6 Rh1+ 64. Kg5 1/2-1/2

[Event "SWE-chT 1516"]
[Site "Sweden"]
[Date "2015.11.06"]
[Round "1.2"]
[White "Karlsson, Lars"]
[Black "Moberg, Karl Johan"]
[Result "1-0"]
[WhiteElo "2445"]
[BlackElo "2295"]
[PlyCount "41"]
[EventDate "2015.11.06"]
[EventType "team-tourn"]
[EventRounds "9"]
[EventCountry "SWE"]
[SourceTitle "CBM 169 Extra"]
[Source "ChessBase"]
[SourceDate "2015.12.18"]
[SourceVersion "1"]
[SourceVersionDate "2015.12.18"]
[SourceQuality "1"]
[WhiteTeam "Stockholm Rockaden"]
[BlackTeam "Manhem"]
[WhiteTeamCountry "SWE"]
[BlackTeamCountry "SWE"]

1. b3 e5 2. Bb2 Nc6 3. Nf3 e4 4. Ne5 Nf6 5. e3 d6 6. Nxc6 bxc6 7. c4 Be7 8. Be2 0-0 9. 0-0 Re8 10. d3 Bf5 11. Nc3 Qd7 12. Qc2 exd3 13. Bxd3 Bxd3 14. Qxd3 Qe6 15. Ne2 Qe4 16. Qc3 Bf8 17. Qa5 Qc2 18. Bxf6 Qxe2 19. Bc3 Rec8 20. Qf5 h5 21. h3 1-0

[Event "SWE-chT 1415 Superettan"]
[Site "Sweden"]
[Date "2015.01.18"]
[Round "6"]
[White "Moberg, Karl Johan"]
[Black "Golubenko, Valeri"]
[Result "1/2-1/2"]
[WhiteElo "2292"]
[BlackElo "2225"]
[PlyCount "44"]
[EventDate "2014.11.21"]
[EventType "team-tourn"]
[EventRounds "9"]
[EventCountry "SWE"]
[SourceTitle "EXT 2018"]
[Source "ChessBase"]
[SourceDate "2017.10.13"]
[SourceVersion "1"]
[SourceVersionDate "2017.10.13"]
[SourceQuality "1"]
[WhiteTeam "Manhem"]
[BlackTeam "Limhamn II"]
[WhiteTeamCountry "SWE"]
[BlackTeamCountry "SWE"]

1. d4 c5 2. d5 Nf6 3. c4 b5 4. Nf3 Bb7 5. a4 bxc4 6. Nc3 e6 7. e4 Nxe4 8. Nxe4 exd5 9. Nc3 d4 10. Bxc4 dxc3 11. Qb3 Qb6 12. Bxf7+ Kd8 13. Qxc3 Qb4 14. 0-0 Qxc3 15. bxc3 Bxf3 16. gxf3 Kc7 17. Rd1 Bd6 18. Be3 Rf8 19. Bd5 Nc6 20. Ra2 Rad8 21. Rb2 h6 22. Rb5 a6 1/2-1/2

[Event "SWE-chT 1415 Superettan"]
[Site "Sweden"]
[Date "2015.01.17"]
[Round "4"]
[White "Moberg, Karl Johan"]
[Black "Moren, Bjorn"]
[Result "1-0"]
[WhiteElo "2292"]
[BlackElo "2090"]
[PlyCount "89"]
[EventDate "2014.11.21"]
[EventType "team-tourn"]
[EventRounds "9"]
[EventCountry "SWE"]
[SourceTitle "EXT 2018"]
[Source "ChessBase"]
[SourceDate "2017.10.13"]
[SourceVersion "1"]
[SourceVersionDate "2017.10.13"]
[SourceQuality "1"]
[WhiteTeam "Manhem"]
[BlackTeam "Vaxjo"]
[WhiteTeamCountry "SWE"]
[BlackTeamCountry "SWE"]

1. d4 d5 2. c4 dxc4 3. e4 Nf6 4. e5 Nd5 5. Bxc4 Nc6 6. Ne2 Bg4 7. Nbc3 Nb6 8. Bb3 Qd7 9. f3 Bf5 10. Be3 0-0-0 11. 0-0 f6 12. exf6 gxf6 13. d5 Ne5 14. Bxb6 axb6 15. Nd4 Kb8 16. Nxf5 Qxf5 17. Qe2 Qf4 18. Rad1 Bh6 19. g3 Qe3+ 20. Qxe3 Bxe3+ 21. Kg2 Bc5 22. Rfe1 h5 23. Ne4 h4 24. Nxc5 h3+ 25. Kf2 bxc5 26. f4 Ng4+ 27. Kg1 Rh7 28. Bc2 Rh5 29. Be4 f5 30. Bf3 Rd7 31. Re6 Rh8 32. Rg6 Rhd8 33. Re1 Nf6 34. Rh6 Nxd5 35. Rxh3 Nf6 36. Re2 Rd2 37. Kf2 c4 38. Rh6 b5 39. Rg6 b4 40. Rg5 e6 41. g4 fxg4 42. Bc6 c3 43. Ra5 Ne4+ 44. Kf1 c2 45. Ra8# 1-0

[Event "SWE-chT 1415 Superettan"]
[Site "Sweden"]
[Date "2014.11.23"]
[Round "3"]
[White "Selimian, Hrayr"]
[Black "Moberg, Karl Johan"]
[Result "0-1"]
[WhiteElo "2174"]
[BlackElo "2292"]
[PlyCount "72"]
[EventDate "2014.11.21"]
[EventType "team-tourn"]
[EventRounds "9"]
[EventCountry "SWE"]
[SourceTitle "EXT 2018"]
[Source "ChessBase"]
[SourceDate "2017.10.13"]
[SourceVersion "1"]
[SourceVersionDate "2017.10.13"]
[SourceQuality "1"]
[WhiteTeam "Orebro"]
[BlackTeam "Manhem"]
[WhiteTeamCountry "SWE"]
[BlackTeamCountry "SWE"]

1. d4 Nf6 2. c4 g6 3. g3 Bg7 4. Bg2 d5 5. Nc3 dxc4 6. e4 c6 7. Nge2 Nfd7 8. f4 f5 9. e5 Nb6 10. d5 cxd5 11. Nxd5 Nc6 12. Be3 Be6 13. Nxb6 Qxd1+ 14. Rxd1 axb6 15. a3 Kf7 16. Bxb6 Ra6 17. Be3 Rb8 18. Kf2 b5 19. Nd4 Nxd4 20. Bxd4 Bf8 21. Bc5 Ke8 22. Rd2 Bd7 23. Rhd1 Bc6 24. Bb4 Bxg2 25. Kxg2 Ra7 26. Kf3 e6 27. Bxf8 Kxf8 28. Rd8+ Rxd8 29. Rxd8+ Kf7 30. Rc8 Rd7 31. Rc5 Rd3+ 32. Kg2 Rd2+ 33. Kg1 Rxb2 34. a4 bxa4 35. Rxc4 a3 36. Ra4 a2 0-1

[Event "SWE-chT2 1314"]
[Site "Sweden"]
[Date "2013.11.24"]
[Round "3"]
[White "Jansson, Anders Owen"]
[Black "Moberg, Karl Johan"]
[Result "0-1"]
[WhiteElo "2123"]
[BlackElo "2294"]
[PlyCount "110"]
[EventDate "2013.11.22"]
[EventType "team-tourn"]
[EventRounds "9"]
[EventCountry "SWE"]
[SourceTitle "EXT 2015"]
[Source "ChessBase"]
[SourceDate "2014.11.20"]
[SourceVersion "1"]
[SourceVersionDate "2014.11.20"]
[SourceQuality "1"]
[WhiteTeam "Sollentuna"]
[BlackTeam "Manhem"]
[WhiteTeamCountry "SWE"]
[BlackTeamCountry "SWE"]

1. Nf3 Nf6 2. c4 g6 3. Nc3 d5 4. cxd5 Nxd5 5. Qa4+ c6 6. Nxd5 Qxd5 7. e4 Qd8 8. d4 Bg7 9. Be3 0-0 10. Be2 Nd7 11. 0-0 e5 12. Rad1 exd4 13. Nxd4 Qe7 14. Qc2 Re8 15. Bf3 Ne5 16. Rfe1 Nxf3+ 17. gxf3 Bh3 18. Ne2 Be5 19. f4 Bxb2 20. Ng3 Bg7 21. e5 Red8 22. Ne4 Qh4 23. Qe2 Bxe5 24. Ng5 Bc3 25. Rxd8+ Rxd8 26. Rb1 Qg4+ 27. Qxg4 Bxg4 28. Rxb7 Rd7 29. Rxd7 Bxd7 30. Bxa7 Bf5 31. Nf3 Bb1 32. a3 Kf8 33. Kf1 Bd3+ 34. Kg2 Be4 35. Kg3 f6 36. Nd4 Bxd4 37. Bxd4 Ke7 38. f3 Bc2 39. Kf2 Bd1 40. Ke3 Ke6 41. Ke4 f5+ 42. Kd3 Kd5 43. Be5 Bxf3 44. Bf6 Bd1 45. Be5 g5 46. Bc7 g4 47. Bd8 c5 48. Bf6 h5 49. Bc3 h4 50. Be1 g3 51. h3 Ba4 52. Ke3 Kc4 53. Ba5 Kb3 54. Bd8 c4 55. Bxh4 c3 0-1

[Event "SWE-chT2 1314"]
[Site "Sweden"]
[Date "2013.11.23"]
[Round "2"]
[White "Ottenklev, Niclas"]
[Black "Moberg, Karl Johan"]
[Result "1/2-1/2"]
[WhiteElo "2171"]
[BlackElo "2294"]
[PlyCount "74"]
[EventDate "2013.11.22"]
[EventType "team-tourn"]
[EventRounds "9"]
[EventCountry "SWE"]
[SourceTitle "EXT 2015"]
[Source "ChessBase"]
[SourceDate "2014.11.20"]
[SourceVersion "1"]
[SourceVersionDate "2014.11.20"]
[SourceQuality "1"]
[WhiteTeam "Norrkoping Schack 08"]
[BlackTeam "Manhem"]
[WhiteTeamCountry "SWE"]
[BlackTeamCountry "SWE"]

1. e4 e5 2. Nf3 Nc6 3. c3 Nf6 4. d4 Nxe4 5. d5 Ne7 6. Nxe5 Ng6 7. Nxg6 hxg6 8. Bd3 Nf6 9. Qf3 Rh5 10. 0-0 d6 11. Re1+ Re5 12. Rxe5+ dxe5 13. Bb5+ Bd7 14. Qe2 Nxd5 15. Qxe5+ Be7 16. Qxd5 c6 17. Qd4 cxb5 18. Bf4 Bc6 19. Be3 Bf6 20. Qxd8+ Rxd8 21. Nd2 b4 22. cxb4 Bxb2 23. Rb1 Bd4 24. Nb3 Bxe3 25. fxe3 Rd3 26. Kf2 Bd5 27. Rb2 Bxb3 28. axb3 a6 29. Ke2 Rc3 30. Kd2 Rc6 31. Kd3 Kd7 32. Rf2 Ke6 33. Rf4 Rc1 34. Re4+ Kd6 35. Rf4 Ke6 36. Re4+ Kd6 37. Rf4 Ke6 1/2-1/2

[Event "SWE-chT 1112"]
[Site "Sweden"]
[Date "2011.10.09"]
[Round "3"]
[White "Moberg, Karl Johan"]
[Black "Henriksson, Jacob"]
[Result "1/2-1/2"]
[WhiteElo "2296"]
[BlackElo "2289"]
[PlyCount "68"]
[EventDate "2011.10.07"]
[EventType "team-tourn"]
[EventRounds "9"]
[EventCountry "SWE"]
[SourceTitle "EXT 2012"]
[Source "ChessBase"]
[SourceDate "2011.11.24"]
[SourceVersion "1"]
[SourceVersionDate "2011.11.24"]
[SourceQuality "1"]
[WhiteTeam "Manhem"]
[BlackTeam "Umea Rockaden"]
[WhiteTeamCountry "SWE"]
[BlackTeamCountry "SWE"]

1. d4 Nf6 2. c4 e6 3. Nf3 b6 4. e3 d5 5. cxd5 exd5 6. Ne5 Bb7 7. Nc3 Bd6 8. Bb5+ c6 9. Bd3 0-0 10. 0-0 c5 11. Nb5 Be7 12. b3 Nc6 13. Bb2 a6 14. Nc3 Bd6 15. Nxc6 Bxc6 16. Rc1 Bd7 17. Be2 Be6 18. Bf3 Rc8 19. g3 Be7 20. dxc5 bxc5 21. Qe2 c4 22. Rfd1 cxb3 23. axb3 Qb6 24. Nxd5 Nxd5 25. Bxd5 Bxd5 26. Rxc8 Rxc8 27. Qg4 Bf8 28. Qxc8 Qxb3 29. Rxd5 Qxd5 30. Ba3 Qd1+ 31. Kg2 Qd5+ 32. Kg1 Qd1+ 33. Kg2 Qd5+ 34. Kg1 Qd1+ 1/2-1/2

[Event "SWE-chT 1112"]
[Site "Sweden"]
[Date "2011.10.08"]
[Round "2"]
[White "Mardell, Jimmy"]
[Black "Moberg, Karl Johan"]
[Result "0-1"]
[WhiteElo "2175"]
[BlackElo "2296"]
[PlyCount "104"]
[EventDate "2011.10.07"]
[EventType "team-tourn"]
[EventRounds "9"]
[EventCountry "SWE"]
[SourceTitle "EXT 2012"]
[Source "ChessBase"]
[SourceDate "2011.11.24"]
[SourceVersion "1"]
[SourceVersionDate "2011.11.24"]
[SourceQuality "1"]
[WhiteTeam "Umea Rockaden"]
[BlackTeam "Manhem"]
[WhiteTeamCountry "SWE"]
[BlackTeamCountry "SWE"]

1. e4 e5 2. Nf3 Nc6 3. Bc4 Nf6 4. d3 Be7 5. 0-0 0-0 6. Re1 d6 7. a4 Bg4 8. c3 h6 9. a5 a6 10. Nbd2 Nh7 11. Nf1 Ng5 12. Bxg5 Bxg5 13. h3 Bh5 14. Ng3 Bg6 15. Nxg5 Qxg5 16. b4 Kh8 17. Qg4 Ne7 18. Rad1 Qxg4 19. hxg4 f6 20. Nf5 Nxf5 21. gxf5 Bf7 22. Rd2 Kg8 23. f3 Rfd8 24. Bxf7+ Kxf7 25. d4 Re8 26. Kf2 Re7 27. Red1 Rae8 28. d5 g6 29. fxg6+ Kxg6 30. g4 Rh7 31. Ke3 h5 32. gxh5+ Rxh5 33. Rg2+ Rg5 34. Rh2 Rg8 35. Rdh1 f5 36. Rh6+ Kf7 37. c4 f4+ 38. Kd3 Rg3 39. R1h3 Rg1 40. Rh7+ R8g7 41. Rh1 R1g3 42. R1h3 Rxf3+ 43. Rxf3 Rxh7 44. c5 Rh1 45. cxd6 cxd6 46. Rf2 Rh3+ 47. Kc2 Re3 48. Rh2 Kg6 49. Rh8 Rxe4 50. Rd8 Rxb4 51. Rxd6+ Kf5 52. Rd8 Rd4 0-1

[Event "SWE-chT 1112"]
[Site "Sweden"]
[Date "2011.10.07"]
[Round "1"]
[White "Carlsson, Pontus"]
[Black "Moberg, Karl Johan"]
[Result "1-0"]
[WhiteElo "2502"]
[BlackElo "2296"]
[PlyCount "99"]
[EventDate "2011.10.07"]
[EventType "team-tourn"]
[EventRounds "9"]
[EventCountry "SWE"]
[SourceTitle "EXT 2012"]
[Source "ChessBase"]
[SourceDate "2011.11.24"]
[SourceVersion "1"]
[SourceVersionDate "2011.11.24"]
[SourceQuality "1"]
[WhiteTeam "Viking"]
[BlackTeam "Manhem"]
[WhiteTeamCountry "SWE"]
[BlackTeamCountry "SWE"]

1. e4 e5 2. Nf3 Nc6 3. Bc4 Nf6 4. d3 Be7 5. 0-0 0-0 6. Bb3 d6 7. c3 Na5 8. Bc2 c5 9. h3 Qc7 10. Re1 Rd8 11. Nbd2 Nc6 12. Qe2 h6 13. Nf1 Be6 14. Ne3 Bf8 15. Nh2 d5 16. Nhg4 Nxg4 17. Nxd5 Bxd5 18. exd5 Nf6 19. dxc6 Qxc6 20. Bd2 Re8 21. Rad1 Rad8 22. Bc1 g6 23. Qf1 Bg7 24. g3 Nh7 25. Qg2 Qxg2+ 26. Kxg2 Nf6 27. Ba4 Re6 28. Bb3 Ree8 29. Re2 Nd5 30. f4 Nb6 31. fxe5 c4 32. Bc2 cxd3 33. Rxd3 Rxd3 34. Bxd3 Re6 35. Be4 Rxe5 36. Kf2 Re7 37. Bf3 Rxe2+ 38. Kxe2 Nd7 39. Bxb7 Nc5 40. Bc6 Bf8 41. b4 Ne6 42. Be3 Bd6 43. Bxa7 Bxg3 44. b5 Be5 45. Kd2 Bd6 46. a4 Nc5 47. b6 Nb3+ 48. Kd3 Na5 49. Kd4 Bh2 50. Kc5 1-0

[Event "SWE-chT 1011"]
[Site "Sweden"]
[Date "2011.03.12"]
[Round "10"]
[White "Janse, Rasmus"]
[Black "Moberg, Karl Johan"]
[Result "0-1"]
[WhiteElo "2178"]
[BlackElo "2290"]
[PlyCount "152"]
[EventDate "2010.10.08"]
[EventType "team-tourn"]
[EventRounds "11"]
[EventCountry "SWE"]
[SourceTitle "EXT 2012"]
[Source "ChessBase"]
[SourceDate "2011.11.24"]
[SourceVersion "1"]
[SourceVersionDate "2011.11.24"]
[SourceQuality "1"]
[WhiteTeam "Vasteras"]
[BlackTeam "Manhem"]
[WhiteTeamCountry "SWE"]
[BlackTeamCountry "SWE"]

1. d4 Nf6 2. c4 g6 3. Nc3 d5 4. cxd5 Nxd5 5. e4 Nxc3 6. bxc3 Bg7 7. Bc4 c5 8. Ne2 Nc6 9. Be3 0-0 10. 0-0 Na5 11. Bd3 b6 12. f4 cxd4 13. cxd4 f5 14. e5 e6 15. Bd2 Bb7 16. Bxa5 Qd5 17. Rf2 Qxa5 18. Bc4 Bd5 19. Qb3 Rac8 20. Bxd5 Qxd5 21. Qxd5 exd5 22. Rf3 Rc2 23. Nc3 Rd8 24. Nb5 a6 25. Rc3 Rd2 26. Nc7 Kf7 27. Re1 Rxd4 28. e6+ Ke7 29. Nxd5+ R4xd5 30. Rc7+ Ke8 31. Rxg7 Rd1 32. Kf1 Rxe1+ 33. Kxe1 Rd6 34. Rxh7 Rxe6+ 35. Kd2 Re4 36. g3 Ra4 37. Kd3 Kf8 38. Rb7 b5 39. Kc3 Rxa2 40. Kd4 Re2 41. h3 Rg2 42. Ke5 Rxg3 43. Kf6 Ke8 44. h4 Rg4 45. h5 gxh5 46. Kxf5 Rg2 47. Ke6 Re2+ 48. Kd5 h4 49. Rh7 b4 50. Rxh4 a5 51. Kc4 Rc2+ 52. Kb3 Rc3+ 53. Ka2 Rc5 54. Rh7 a4 55. Ra7 b3+ 56. Kb2 Rc2+ 57. Kb1 Rc4 58. f5 Rb4 59. Kb2 Kf8 60. Ra5 Kf7 61. Ka3 b2 62. Kxb4 b1Q+ 63. Kxa4 Kf6 64. Rb5 Qe4+ 65. Kb3 Qd3+ 66. Kb4 Qd4+ 67. Kb3 Qd3+ 68. Kb4 Kg5 69. Rc5 Qd6 70. Kc4 Kf4 71. Rd5 Qc6+ 72. Kd4 Qb6+ 73. Kd3 Qb3+ 74. Kd4 Qb4+ 75. Kd3 Qe4+ 76. Kc3 Qxd5 0-1

[Event "SWE-chT 0910"]
[Site "Sweden"]
[Date "2010.02.06"]
[Round "7"]
[White "Olofsson, Dan"]
[Black "Moberg, Karl Johan"]
[Result "0-1"]
[WhiteElo "2146"]
[BlackElo "2284"]
[PlyCount "54"]
[EventDate "2009.10.16"]
[EventType "team"]
[EventRounds "11"]
[EventCountry "SWE"]
[SourceTitle "EXT 2011"]
[Source "ChessBase"]
[SourceDate "2010.11.26"]
[SourceVersion "1"]
[SourceVersionDate "2010.11.26"]
[SourceQuality "1"]
[WhiteTeam "Stockholm Rockaden"]
[BlackTeam "Manhem"]
[WhiteTeamCountry "SWE"]
[BlackTeamCountry "SWE"]

1. e4 e5 2. Nf3 Nc6 3. Bb5 a6 4. Ba4 Nf6 5. 0-0 b5 6. Bb3 Bc5 7. c3 d6 8. a4 Bb7 9. d4 Bb6 10. Bg5 exd4 11. cxd4 h6 12. axb5 Nxd4 13. Bxf6 Qxf6 14. Nxd4 Qxd4 15. bxa6 Rxa6 16. Qxd4 Bxd4 17. Nc3 0-0 18. Bd5 Rxa1 19. Rxa1 Rb8 20. Rd1 c5 21. Ne2 Bxd5 22. Nxd4 Bxe4 23. f3 Bg6 24. Nc6 Rxb2 25. Rxd6 c4 26. Ne5 c3 27. Nxg6 fxg6 0-1

[Event "SWE-chT 0910"]
[Site "Sweden"]
[Date "2009.11.14"]
[Round "4"]
[White "Akvist, Hakan"]
[Black "Moberg, Karl Johan"]
[Result "1-0"]
[WhiteElo "2139"]
[BlackElo "2284"]
[PlyCount "71"]
[EventDate "2009.10.16"]
[EventType "team"]
[EventRounds "11"]
[EventCountry "SWE"]
[SourceTitle "EXT 2011"]
[Source "ChessBase"]
[SourceDate "2010.11.26"]
[SourceVersion "1"]
[SourceVersionDate "2010.11.26"]
[SourceQuality "1"]
[WhiteTeam "Eksjo"]
[BlackTeam "Manhem"]
[WhiteTeamCountry "SWE"]
[BlackTeamCountry "SWE"]

1. d4 Nf6 2. c4 g6 3. Nc3 d5 4. cxd5 Nxd5 5. e4 Nxc3 6. bxc3 Bg7 7. Nf3 c5 8. Rb1 0-0 9. Be2 cxd4 10. cxd4 Qa5+ 11. Bd2 Qxa2 12. 0-0 b6 13. Bg5 Qe6 14. Re1 Bb7 15. Bd3 Qd6 16. Bc4 e6 17. Qd2 Nc6 18. e5 Qd7 19. Qf4 Rfc8 20. Bf6 Bf8 21. Rbd1 Ne7 22. Nd2 Nf5 23. d5 exd5 24. Bd3 Ng7 25. Qh4 Rc3 26. e6 Nxe6 27. Bxc3 d4 28. Ne4 Be7 29. Nf6+ Bxf6 30. Qxf6 dxc3 31. Bxg6 Qc7 32. Rxe6 hxg6 33. Re7 Qc4 34. Rxb7 c2 35. Rc1 Rf8 36. Rd7 1-0

[Event "SWE-chT 0910"]
[Site "Sweden"]
[Date "2009.10.16"]
[Round "9"]
[White "Janse, Rasmus"]
[Black "Moberg, Karl Johan"]
[Result "1/2-1/2"]
[WhiteElo "2127"]
[BlackElo "2284"]
[PlyCount "80"]
[EventDate "2009.10.16"]
[EventType "team"]
[EventRounds "11"]
[EventCountry "SWE"]
[SourceTitle "EXT 2011"]
[Source "ChessBase"]
[SourceDate "2010.11.26"]
[SourceVersion "1"]
[SourceVersionDate "2010.11.26"]
[SourceQuality "1"]
[WhiteTeam "Vasteras"]
[BlackTeam "Manhem"]
[WhiteTeamCountry "SWE"]
[BlackTeamCountry "SWE"]

1. d4 Nf6 2. c4 g6 3. Nc3 d5 4. cxd5 Nxd5 5. e4 Nxc3 6. bxc3 Bg7 7. Bc4 c5 8. Ne2 0-0 9. 0-0 Nc6 10. Be3 Na5 11. Bd3 b6 12. Qd2 e5 13. dxc5 Be6 14. Rfd1 Qc7 15. cxb6 axb6 16. Qb2 Nc4 17. Bxc4 Qxc4 18. f3 b5 19. Rd2 Rfd8 20. Rxd8+ Rxd8 21. Rb1 Qd3 22. Kf2 Bc4 23. Re1 Ra8 24. Nc1 Qd8 25. g3 Qd7 26. Kg2 h5 27. Qc2 Qe6 28. Qb2 Bf8 29. Rd1 Ba3 30. Qc2 Bxc1 31. Qxc1 Rxa2+ 32. Rd2 Qa6 33. Qb1 Rxd2+ 34. Bxd2 Qa2 35. Qxa2 Bxa2 36. Bg5 Kg7 37. Be7 f6 38. Bd6 Kf7 39. Kf2 Ke6 40. Bb4 Bc4 1/2-1/2

[Event "SWE-chT 0809"]
[Site "Sweden"]
[Date "2009.02.07"]
[Round "7"]
[White "Moberg, Karl Johan"]
[Black "Eksmyr, Johan"]
[Result "1-0"]
[WhiteElo "2292"]
[BlackElo "2156"]
[PlyCount "117"]
[EventDate "2008.10.25"]
[EventType "team-tourn"]
[EventRounds "11"]
[EventCountry "SWE"]
[SourceTitle "EXT 2011"]
[Source "ChessBase"]
[SourceDate "2010.11.26"]
[SourceVersion "1"]
[SourceVersionDate "2010.11.26"]
[SourceQuality "1"]

1. d4 Nf6 2. c4 g6 3. Nc3 d5 4. cxd5 Nxd5 5. e4 Nxc3 6. bxc3 Bg7 7. Bc4 0-0 8. Ne2 Nc6 9. 0-0 b6 10. Bg5 h6 11. Be3 Bb7 12. Qd2 Kh7 13. Rac1 e6 14. Rfd1 Qd6 15. f3 Rad8 16. Qb2 f5 17. e5 Bxe5 18. dxe5 Qxd1+ 19. Rxd1 Rxd1+ 20. Kf2 Nxe5 21. Qb3 Rd7 22. Bd4 Nxc4 23. Qxc4 Re8 24. Qa4 Bc8 25. Be5 c5 26. Qc6 g5 27. h4 Kg6 28. hxg5 hxg5 29. g4 f4 30. c4 Kf7 31. Qe4 Rg8 32. Qc6 Ke7 33. Ke1 Bb7 34. Bf6+ Kxf6 35. Qxd7 Bxf3 36. Nc3 Bxg4 37. Ne4+ Ke5 38. Qc7+ Kd4 39. Nf2 Bf5 40. Qf7 Rg6 41. Qxa7 g4 42. Qc7 Kxc4 43. Qxf4+ Kd5 44. Nd1 g3 45. Nc3+ Kc6 46. Qf3+ Kd6 47. Kf1 g2+ 48. Kg1 Rg4 49. Qb7 c4 50. Qxb6+ Ke5 51. Qc5+ Kf6 52. a4 Bd3 53. a5 Bf1 54. a6 Rg8 55. Ne4+ Kf7 56. Qf2+ Ke7 57. Qf6+ Kd7 58. Qf7+ Kc6 59. Qxg8 1-0

[Event "SWE-chT 0708"]
[Site "Sweden"]
[Date "2008.03.09"]
[Round "11"]
[White "Lindberg, Henrik"]
[Black "Moberg, Karl Johan"]
[Result "1-0"]
[WhiteElo "2288"]
[BlackElo "2305"]
[PlyCount "111"]
[EventDate "2007.10.19"]
[EventType "team-tourn"]
[EventRounds "11"]
[EventCountry "SWE"]
[SourceTitle "EXT 2009"]
[Source "ChessBase"]
[SourceDate "2008.11.26"]
[SourceVersion "1"]
[SourceVersionDate "2008.11.26"]
[SourceQuality "1"]
[WhiteTeam "Upsala"]
[BlackTeam "Manhem"]
[WhiteTeamCountry "SWE"]
[BlackTeamCountry "SWE"]

1. c4 e5 2. Nc3 Bb4 3. g3 Nf6 4. Bg2 0-0 5. Nf3 Re8 6. 0-0 e4 7. Ne1 Bxc3 8. dxc3 d6 9. Nc2 Nbd7 10. Ne3 a5 11. f4 exf3 12. exf3 a4 13. Qd4 Nc5 14. Bd2 Bd7 15. Rae1 Bc6 16. Nd5 Bxd5 17. cxd5 Qd7 18. c4 Rxe1 19. Rxe1 Re8 20. Rxe8+ Qxe8 21. Kf2 Qe5 22. Bc3 Qxd4+ 23. Bxd4 Nfd7 24. Ke3 Kf8 25. Bf1 f6 26. Be2 Ke7 27. Bd1 Ne5 28. b3 axb3 29. axb3 g6 30. f4 Ned7 31. b4 Na6 32. Bc3 b6 33. Bc2 Nab8 34. g4 Nf8 35. h4 Nbd7 36. g5 f5 37. h5 Kf7 38. h6 Ke7 39. Ba4 Kf7 40. Bb5 Ke7 41. Bg7 Kd8 42. Kd3 Kc8 43. Bc6 Kd8 44. Kc3 Ke7 45. Kb3 Nb8 46. Bf6+ Kf7 47. Bb5 c5 48. dxc6 Ne6 49. Kc3 Nxc6 50. Bxc6 Nxf4 51. Bd8 Nh3 52. Bxb6 Nxg5 53. Be3 Ne6 54. Bd5 Ke7 55. Bxe6 Kxe6 56. Kd4 1-0